Owen Stanley, R.N., 1811-1850, captain of the Rattlesnake.

Uloženo v:
Podrobná bibliografie
Hlavní autor: Lubbock, Adelaide
Médium: Kniha
Jazyk:English
Vydáno: Melbourne ; London : Heinemann, 1968.
Témata:
LEADER 01040nam a2200265 a 4500
001 c000362515
003 CARM
005 00000000000000.0
008 690304s1968 vraabc b 00110beng
015 |a Aus67-755 
019 1 |a 474192  |z 4146853  |z 6523530  |z 45910278  |z 21872295  |z 10428769  |z 56426759  |z 58089047  |z 60887200  |z 61066898  |z 61327928  |5 LACONCORD2021 
035 |a (OCoLC)219318  |5 LACONCORD2021 
040 |d XNTU 
043 |a u-at--- 
050 |a DA88.1.S7  |b L8 
100 1 |a Lubbock, Adelaide. 
245 0 0 |a Owen Stanley, R.N., 1811-1850, captain of the Rattlesnake. 
260 |a Melbourne ;  |a London :  |b Heinemann,  |c 1968. 
300 |a 298 p. :  |b ill., maps (some folded), ports. ;  |c 22 cm. 
504 |a Bibliography: p. 284-290. 
600 1 0 |a Stanley, Owen,  |d 1811-1850. 
852 8 |b CARM  |h A1:AN21B0  |i B08796  |p 0413110  |f BK 
082 0 4 |a 994/.02/092  |2 20 
999 f f |i 82491832-4e9f-5b5c-8e1a-81bc8130818a  |s 098432ee-5938-5422-af08-216f774c8910 
952 f f |p Can circulate  |a CAVAL  |b CAVAL  |c CAVAL  |d CARM 1 Store  |e B08796  |f A1:AN21B0  |h Other scheme  |i book  |m 0413110